[Event "Speed Chess Q2"]
[Site "Chess.com INT"]
[Date "2022.11.12"]
[Round "8"]
[White "Kabanova, Ekaterina"]
[Black "Kukula, Pawel"]
[Result "0-1"]
[WhiteElo "2088"]
[BlackElo "2135"]
[PlyCount "86"]
[EventDate "2022.11.12"]
[EventType "swiss (blitz)"]
[EventRounds "14"]
[EventCountry "USA"]
[SourceTitle "CBM 211 Extra"]
[Source "ChessBase"]
[SourceDate "2023.01.31"]
[SourceVersion "1"]
[SourceVersionDate "2023.01.31"]
[SourceQuality "1"]

1. c4 Nf6 2. e3 g6 3. a3 Bg7 4. Nf3 0-0 5. Be2 d6 6. 0-0 e5 7. d3 Nc6 8. Nbd2 h6 9. Rb1 a5 10. b4 axb4 11. axb4 Be6 12. b5 Ne7 13. Qc2 Qd7 14. Bb2 Nh7 15. Ra1 f5 16. Rxa8 Rxa8 17. Ra1 Rf8 18. Ra7 b6 19. h4 g5 20. hxg5 hxg5 21. d4 g4 22. Nh2 f4 23. c5 g3 24. fxg3 fxg3 25. Nhf3 bxc5 26. dxc5 Qd8 27. cxd6 cxd6 28. Bd3 Nf6 29. Ng5 Bg4 30. Bg6 d5 31. Bxe5 Qb6 32. Bd4 Qd6 33. Qc7 Qxc7 34. Rxc7 Nxg6 35. b6 Bc8 36. b7 Bxb7 37. Rxb7 Bh6 38. Ne6 Rf7 39. Rb8+ Kh7 40. Nf3 Ne4 41. Ne5 Nxe5 42. Bxe5 Bxe3+ 43. Kh1 Rf1# 0-1

[Event "Speed Chess Q2"]
[Site "Chess.com INT"]
[Date "2022.11.12"]
[Round "7"]
[White "Kukula, Pawel"]
[Black "Sanchez, Roberto Daniel"]
[Result "1-0"]
[WhiteElo "2135"]
[BlackElo "1971"]
[PlyCount "51"]
[EventDate "2022.11.12"]
[EventType "swiss (blitz)"]
[EventRounds "14"]
[EventCountry "USA"]
[SourceTitle "CBM 211 Extra"]
[Source "ChessBase"]
[SourceDate "2023.01.31"]
[SourceVersion "1"]
[SourceVersionDate "2023.01.31"]
[SourceQuality "1"]

1. Nc3 e6 2. d4 d5 3. Bf4 Nf6 4. e3 Bb4 5. Bd3 c5 6. a3 Bxc3+ 7. bxc3 c4 8. Bf1 Nc6 9. h3 0-0 10. g4 Ne4 11. Ne2 Qa5 12. Bg2 Nxc3 13. Qd2 Na4 14. c3 Qd8 15. 0-0 Na5 16. Rab1 Nb3 17. Qc2 Nb6 18. e4 a5 19. Ng3 Qe7 20. exd5 Nxd5 21. Bc1 b5 22. Ne4 Bb7 23. f4 f6 24. g5 fxg5 25. Nxg5 h6 26. Qh7# 1-0

[Event "Titled Tuesday intern op 08th Nov Early"]
[Site "Chess.com INT"]
[Date "2022.11.08"]
[Round "10"]
[White "Goroshkov, Maksym"]
[Black "Kukula, Pawel"]
[Result "1-0"]
[WhiteElo "2261"]
[BlackElo "2135"]
[PlyCount "65"]
[EventDate "2022.11.08"]
[EventType "swiss (blitz)"]
[EventRounds "11"]
[EventCountry "USA"]
[SourceTitle "EXT 2024"]
[Source "ChessBase"]
[SourceDate "2023.10.10"]
[SourceVersion "1"]
[SourceVersionDate "2023.10.10"]
[SourceQuality "1"]

1. e4 c5 2. d4 cxd4 3. c3 Nf6 4. Bd3 Nc6 5. Nf3 d5 6. e5 Ne4 7. cxd4 Bf5 8. 0-0 e6 9. Nc3 Be7 10. Re1 Nxc3 11. bxc3 Bg6 12. Rb1 Rb8 13. Bxg6 fxg6 14. h4 Bxh4 15. Nxh4 Qxh4 16. Ba3 Kf7 17. Bd6 Rhc8 18. Qa4 Qd8 19. Rb3 Qd7 20. Reb1 b6 21. Bxb8 Rxb8 22. c4 Rc8 23. cxd5 Qxd5 24. Rc3 Ne7 25. Rxc8 Nxc8 26. Rc1 Ne7 27. Rc7 Kf8 28. Qb4 Qd8 29. Rxa7 g5 30. Rb7 Kf7 31. Qxb6 Qc8 32. Qc7 Qe8 33. a4 1-0

[Event "Titled Tuesday intern op 08th Nov Early"]
[Site "Chess.com INT"]
[Date "2022.11.08"]
[Round "3"]
[White "Kukula, Pawel"]
[Black "Faizrakhmanov, Ramil"]
[Result "0-1"]
[WhiteElo "2135"]
[BlackElo "2469"]
[PlyCount "94"]
[EventDate "2022.11.08"]
[EventType "swiss (blitz)"]
[EventRounds "11"]
[EventCountry "USA"]
[SourceTitle "EXT 2024"]
[Source "ChessBase"]
[SourceDate "2023.10.10"]
[SourceVersion "1"]
[SourceVersionDate "2023.10.10"]
[SourceQuality "1"]

1. e4 c6 2. d4 d5 3. exd5 cxd5 4. Nf3 Nc6 5. Bb5 Bd7 6. c4 Nf6 7. Nc3 e6 8. Bg5 dxc4 9. d5 exd5 10. Nxd5 Be7 11. 0-0 Nxd5 12. Qxd5 0-0 13. Rad1 Be6 14. Qe4 Qc7 15. Bxc4 Bxc4 16. Qxc4 Bxg5 17. Nxg5 h6 18. Nf3 Qb6 19. b3 Rad8 20. h3 Qa5 21. a4 Qb6 22. Qb5 Qc7 23. Rc1 Rfe8 24. Qc5 Qf4 25. Rc4 Qf6 26. b4 Rd3 27. b5 Na5 28. Rg4 b6 29. Qb4 Red8 30. Rf4 Qe6 31. Re1 Rd1 32. Rfe4 Qb3 33. Qe7 R8d7 34. Qe8+ Kh7 35. R4e3 Qxa4 36. Rxd1 Qxd1+ 37. Kh2 Qd6+ 38. g3 Rc7 39. Kg2 Nc4 40. Qe4+ g6 41. Rd3 Qf6 42. Rd4 Nd6 43. Qd5 Nf5 44. Rf4 Rc5 45. Qb7 Rxb5 46. Qxa7 Rb2 47. Kg1 Qe6 0-1

[Event "Titled Tuesday intern op 08th Nov Early"]
[Site "Chess.com INT"]
[Date "2022.11.08"]
[Round "6"]
[White "Kukula, Pawel"]
[Black "Matveeva, Olga"]
[Result "1-0"]
[WhiteElo "2135"]
[BlackElo "2111"]
[PlyCount "75"]
[EventDate "2022.11.08"]
[EventType "swiss (blitz)"]
[EventRounds "11"]
[EventCountry "USA"]
[SourceTitle "EXT 2024"]
[Source "ChessBase"]
[SourceDate "2023.10.10"]
[SourceVersion "1"]
[SourceVersionDate "2023.10.10"]
[SourceQuality "1"]

1. c4 Nf6 2. g3 g6 3. Bg2 Bg7 4. Nc3 0-0 5. Nf3 d6 6. 0-0 c5 7. d3 Nc6 8. a3 a5 9. Rb1 Bd7 10. Ne1 e6 11. Nc2 Rb8 12. b4 axb4 13. axb4 Ne8 14. Bd2 Nc7 15. Ne4 Qe7 16. Bf4 e5 17. Bg5 f6 18. Bd2 b5 19. bxc5 dxc5 20. cxb5 Nxb5 21. Ne3 Nbd4 22. Rxb8 Rxb8 23. Nd5 Qe6 24. Nxc5 Qf7 25. Nxd7 Qxd7 26. Nc3 Rb2 27. Bc1 Rc2 28. Bd2 Rb2 29. e3 Nb3 30. Bd5+ Kh8 31. Bxb3 Qxd3 32. Be1 Nb4 33. Qxd3 Nxd3 34. Bc4 Nxe1 35. Rxe1 Rc2 36. Rb1 Bf8 37. Rb3 Kg7 38. Bf1 1-0